Сборник трудов "Пути сохранения репродуктивного здоровья семьи" в рамках научно-практической конференции "Актуальные проблемы детского и женского здоровья", 18 мая 2018 г., Астрахань (Запись № 11715159)

Подробности
000 -МАРКЕР
контрольное поле 02308nam0a2200349 4500
001 - ИДЕНТИФИКАТОР ЗАПИСИ
контрольное поле RU\NLR\BIBL_A\012062846
005 - ИДЕНТИФИКАТОР ВЕРСИИ
контрольное поле 20190809095425.0
010 ## - МЕЖДУНАРОДНЫЙ СТАНДАРТНЫЙ НОМЕР КНИГИ (ISBN)
Номер (ISBN) 978-5-4424-0344-2
Тираж 50
021 ## - НОМЕР ГОСУДАРСТВЕННОЙ РЕГИСТРАЦИИ
Код страны Российская Федерация
Номер КН-П-19-049156
Номер Листа государственной регистраци КН-П-19-3569
035 ## - ДРУГИЕ СИСТЕМНЫЕ НОМЕРА
Идентификатор записи (NLR Aleph) 012062846
035 ## - ДРУГИЕ СИСТЕМНЫЕ НОМЕРА
Идентификатор записи (RuMoRGB)010028860
100 ## - ДАННЫЕ ОБЩЕЙ ОБРАБОТКИ
Данные общей обработки 20190724d2018 k y0rusy50 ca
101 0# - ЯЗЫК РЕСУРСА
Язык текста, звукозаписи и т.д. русский
102 ## - СТРАНА ПУБЛИКАЦИИ ИЛИ ПРОИЗВОДСТВА
Страна публикации Российская Федерация
105 ## - ПОЛЕ КОДИРОВАННЫХ ДАННЫХ: ТЕКСТОВЫЕ МАТЕРИАЛЫ, МОНОГРАФИЧЕСКИЕ
Кодированные данные о монографическом текстовом документе y|||zzzz100zy
200 1# - ЗАГЛАВИЕ И СВЕДЕНИЯ ОБ ОТВЕТСТВЕННОСТИ
Основное заглавие Сборник трудов "Пути сохранения репродуктивного здоровья семьи" в рамках научно-практической конференции "Актуальные проблемы детского и женского здоровья", 18 мая 2018 г., Астрахань
Первые сведения об ответственности Федеральное государственное бюджетное учреждение высшего образования Астраханский государственный медицинский университет Министерства здравоохранения России
Последующие сведения об ответственности [редакционная коллегия: О. А. Башкина, С. П. Синчихин]
210 ## - ПУБЛИКАЦИЯ, РАСПРОСТРАНЕНИЕ И ДР.
Место издания, распространения и т.д. Астрахань
Имя издателя, распространителя и т. д. Изд-во Астраханского ГМУ
Дата издания, распространения и т.д. 2018
215 ## - ФИЗИЧЕСКАЯ ХАРАКТЕРИСТИКА
Специфическое обозначение материала и объем 55 с.
Размеры 21
320 ## - ПРИМЕЧАНИЯ О НАЛИЧИИ В ДОКУМЕНТЕ БИБЛИОГРАФИИ / УКАЗАТЕЛЯ
Текст примечания Библиогр. в конце ст.
606 1# - НАИМЕНОВАНИЕ ТЕМЫ КАК ПРЕДМЕТ
Наименование темы Женщины
Формальный подзаголовок Съезды, совещания и т.п
Тематический подзаголовок Репродуктивное здоровье
Системный номер авторитетной/нормативной записи 2204735
Идентификатор авторитетной/нормативной записи RU\NLR\AUTH\661324675
606 1# - НАИМЕНОВАНИЕ ТЕМЫ КАК ПРЕДМЕТ
Наименование темы Перинатальная патология
Формальный подзаголовок Съезды, совещания и т.п
Системный номер авторитетной/нормативной записи 931993
Идентификатор авторитетной/нормативной записи RU\NLR\AUTH\6624778
686 1# - ИНДЕКСЫ ДРУГИХ КЛАССИФИКАЦИЙ
Индекс Р71я431(2)
686 1# - ИНДЕКСЫ ДРУГИХ КЛАССИФИКАЦИЙ
Индекс Р733.2я431(2)
702 #1 - ИМЯ ЛИЦА - ВТОРИЧНАЯ ОТВЕТСТВЕННОСТЬ
Начальный элемент ввода Башкина
Часть имени, кроме начального элемента ввода О. А.
Расширение инициалов личного имени Ольга Александровна
Код отношения Редактор
711 12 - НАИМЕНОВАНИЕ ОРГАНИЗАЦИИ - АЛЬТЕРНАТИВНАЯ ОТВЕТСТВЕННОСТЬ
Начальный элемент ввода "Актуальные проблемы детского и женского здоровья", научно-практическая конференция
Место проведения временной организации Астрахань
Дата проведения временной организации 2018
Системный номер авторитетной/нормативной записи 672407
Идентификатор авторитетной/нормативной записи RU\NLR\AUTH\880506228
942 ## - ДОПОЛНИТЕЛЬНЫЕ ЭЛЕМЕНТЫ ЗАПИСИ (АБИС)
Тип экземпляра АБИС Книга
980 ## - КОЛЛЕКЦИЯ
Название коллекции НБР
980 ## - КОЛЛЕКЦИЯ
Название коллекции Национальная библиография

Нет доступных экземпляров.